00358nam a22001337a 4500008004100000020001500041082001700056100002500073245004600098260003500144300001000179650002500189650001000214220210b |||||||| |||| 00| 0 eng d a0261662813 a822.33/Al27c aAlexander, Peter ed. aThe complete works of William Shakespeare aLondon:bDiamond Books,c1994. b633p. aShakespeare, William aDrama